Gran diccionario de sinónimos, antónimos e ideas afines
Guardado en:
| Formato: | Libro |
|---|---|
| Idioma: | Spanish |
| Publicado: |
Madrid :
Ruy Díaz,
1979.
|
| Materias: | |
| Etiquetas: |
Agregar Etiqueta
Sin Etiquetas, Sea el primero en etiquetar este registro!
|
| LEADER | 00394nam a22001335a 4500 | ||
|---|---|---|---|
| 001 | DER.der012474 | ||
| 008 | 180615s1979####sp#||||||||||||||#||spa|| | ||
| 005 | 20251114163931.0 | ||
| 245 | 1 | 0 | |a Gran diccionario de sinónimos, antónimos e ideas afines |
| 260 | |a Madrid : |b Ruy Díaz, |c 1979. | ||
| 300 | |a 506 p. | ||
| 020 | |a 8449931991 | ||
| 653 | |a DICCIONARIOS | ||
| 859 | |a DERECHO |b BIB. DERECHO |h 464.03 |i DIC |k 00 |p 007297 | ||
